Musica e cinema nella cultura del Novecento (Record n. 94537)

Dettagli MARC
000 -LEADER
fixed length control field 01988nam a2200289Ia 4500
001 - CONTROL NUMBER
control field G6461
003 - CONTROL NUMBER IDENTIFIER
control field IT-RoPAU
008 - FIXED-LENGTH DATA ELEMENTS--GENERAL INFORMATION
fixed length control field 130308s9999 xx 000 0 und d
040 ## - CATALOGING SOURCE
Original cataloging agency IT-RoPAU
040 ## - CATALOGING SOURCE
Transcribing agency IT-RoPAU
041 ## - LANGUAGE CODE
Language code of text/sound track or separate title ITALIANO
100 ## - MAIN ENTRY--PERSONAL NAME
Personal name Miceli Sergio
100 ## - MAIN ENTRY--PERSONAL NAME
Miscellaneous information Codice Aut. SPICS: 12877
245 ## - TITLE STATEMENT
Title Musica e cinema nella cultura del Novecento
245 ## - TITLE STATEMENT
Remainder of title Musica e Cinema nella Cultura del Novecento
250 ## - EDITION STATEMENT
Edition statement 2a ed.
260 ## - PUBLICATION, DISTRIBUTION, ETC. (IMPRINT)
Place of publication, distribution, etc. MILANO
260 ## - PUBLICATION, DISTRIBUTION, ETC. (IMPRINT)
Name of publisher, distributor, etc. RCS Editore
260 ## - PUBLICATION, DISTRIBUTION, ETC. (IMPRINT)
Date of publication, distribution, etc. 2000 [1° Ed.:1982 - Ed.Ling.Originale:1982]
300 ## - PHYSICAL DESCRIPTION
Extent "556 p. (prefazione: 16; testo: 540 [pagine: 0-0])"
500 ## - GENERAL NOTE
General note "Prima Edizione con Il Titolo: ""La Musica nel Film. Arte e Artigianato"" dell'Editrice Discanto. Nuova Edizione con Qualche Aggiornamento. Musica nel Cinema Muto: Dalle Origini al Theatre Optique di Reynaud; Riproduzione meccanica del Suono e del Movimento; I Fratelli Lumiere; Il Ragtime; Nescita Delfilm a Soggetto e Sue Implicanze Musicali; Manuali e Repertori, Verso la codifica dell'Accompagnamento; Letteratura e Musica nel Cinema Italiano Anni10; Musica e Avanguardie Storiche Verso Il Cinema; Canudo e I Cineasti; Coerenza di Erik Satie; Ballet mecanique e ragioni del Silenzio; Cinema sovietico Verso L'Unità delle Arti. Sonoro Dalle teorie Alla Prassi: Avvento del Sonoro; Asincronismo e Straniamento; Schonberg, Berg e Il Cinema; Ejzenstejn Prokof'Ev. tendenze Ermeneutiche nella Musica per Film: Recuperi, restauri e Post Sonorizzazioni; Acciaio di Ruttmann e Malipiero; Aleksandr Nevskij: rinascita e Trasfigurazione di un Capolavoro; Analisi della Musica nel Film. Sodalizio Rota Fellini: profilo di nino Rota: Dalla Radiogenia al Cinema; Fellini e la Musica Come Personaggio. Appendice: Il Musicista nel Cinema del Secondo Novecento: Colloqui con nino Rota, Ennio Morricone e Franco Piersanti. Bibliografia."
650 ## - SUBJECT ADDED ENTRY--TOPICAL TERM
Topical term or geographic name as entry element GENERI MUSICALI
650 ## - SUBJECT ADDED ENTRY--TOPICAL TERM
Relator term Codice materia Spics: 7010
942 ## - ADDED ENTRY ELEMENTS (KOHA)
Koha item type LIBRO
957 ## -
-- 1
999 ## - SYSTEM CONTROL NUMBERS (KOHA)
-- 1
Dati di copia
Withdrawn status Lost status Damaged status Not for loan Home library Current library Date acquired Total Checkouts Full call number Date last seen Price effective from Koha item type Public note
    Buone Condizioni Not For Loan SPICS-MEDIATECA SPICS-MEDIATECA 08/03/2013   G6461 08/03/2013 08/03/2013 LIBRO Progressivo inserimento: 49419 / N. Volumi: 1 Copie: 1 / data import: 1 marzo 2013 - By Epidotti, Trombetti, Vaglietti.
CREDITS: SOCIETA' SAN PAOLO Via A.Severo, 58 - ROMA (RM) & PERIODICI SAN PAOLO SRL Via Giotto, 36 MILANO & CISF Via Giotto, 36 MILANO & EDIZIONI SAN PAOLO SRL,  Piazza Soncino, 5 CINISELLO BALSAMO (MI) -- ITALY